Realistická alternativa? Spor o Kurily?
Pojmové a geografické vymedzenie Kurilských ostrovov. Ich strategická dôležitosť. Spor o historické osídlenie Kurilských ostrovov. Obdobie imperializmu a Rusko-japonská vojna. Druhá svetová vojna a Rusko-japonské vzťahy. Obdobie studenej vojny. Súčasné Rusko-japonské vzťahy.
Salvato in:
| Autore principale: | |
|---|---|
| Natura: | Capitolo di libro |
| Lingua: | ceco |
| Soggetti: | |
| Tags: |
Nessun Tag, puoi essere il primo ad aggiungerne!!
|
MARC
| LEADER | 00000naa a2200000 4500 | ||
|---|---|---|---|
| 001 | r043592 | ||
| 005 | 20230927112517.5 | ||
| 041 | 0 | |a cze | |
| 044 | |a CZ | ||
| 245 | 1 | 0 | |a Realistická alternativa? Spor o Kurily? |c Jan Štěpán |
| 520 | |a Pojmové a geografické vymedzenie Kurilských ostrovov. Ich strategická dôležitosť. Spor o historické osídlenie Kurilských ostrovov. Obdobie imperializmu a Rusko-japonská vojna. Druhá svetová vojna a Rusko-japonské vzťahy. Obdobie studenej vojny. Súčasné Rusko-japonské vzťahy. | ||
| 610 | 2 | 0 | |a vzťahy hospodárske medzinárodné |
| 610 | 2 | 0 | |a Rusko |
| 610 | 2 | 0 | |a Japonsko |
| 610 | 2 | 0 | |a konflikty medzinárodné |
| 610 | 2 | 0 | |a história |
| 610 | 2 | 0 | |a demografia |
| 610 | 2 | 0 | |a geografia |
| 610 | 2 | 0 | |a politika |
| 100 | 1 | |a Štěpán, Jan | |